000
00257nam a2200109Ia 4500
008
190216s9999||||xx |||||||||||||| ||und||
100
_a
Herman Mervellay
245
0
_a
Moby Dick
260
_b
Oxford University Press
650
_a
English
942
_c
BK
999
_c
12247
_d
12247